000 00588nam a22002297a 4500
003 UA-OsUOA
001 136613
007 ta
008 20190402b un ||||| |||| 00| 0 ukr d
100 _aИкрамов К.
090 _a821
_bИ42
942 _cBK
040 _aUA-OsUOA
_brus
_cUA-OsUOA
_dUA-OsUOA
245 _aВсе возможное счастье
300 _a882 с.
955 _a3
041 _arus
080 _a821
260 _aМ.
_bПолитиздат
_c1983
650 7 _a82 Література. Літературознавство
_2UDC
999 _c409938
_d409938